[Event "EIWCC 2017"]
[Site "Riga"]
[Date "2017.04.11"]
[Round "1"]
[White "Muzychuk, Anna"]
[Black "Unuk, Laura"]
[Result "1-0"]
[WhiteElo "2587"]
[BlackElo "2275"]
[Annotator "TA"]
[PlyCount "105"]
[EventDate "2017.??.??"]
[EventType "swiss"]
[EventCountry "LAT"]
[SourceTitle "playchess.com"]
[Source "ChessBase"]
[SourceQuality "1"]

{[%evp 22,105,15,27,9,7,41,44,86,47,29,19,118,101,149,147,153,147,168,168,155,126,131,128,130,124,128,130,127,120,128,110,112,104,148,152,154,150,165,164,150,152,117,114,112,113,212,185,220,216,219,217,210,210,266,202,200,106,100,86,181,187,186,186,381,381,362,362,666,648,663,656,648,626,515,477,620,616,539,517,1297,1522,1398,1387,1351,1264]} 1. e4 e5 2. Nf3 Nc6 3. Bb5 {[%cal Bf1b5,Bb5a4,Ba4b3][%mdl 32]} a6 4. Ba4 Nf6 5. O-O b5 6. Bb3 Bc5 7. a4 Rb8 {C78: Ruy Lopez: Archangelsk and Möller Defences} 8. Nxe5 (8. c3 d6 9. d4 Bb6 10. axb5 axb5 11. Na3 O-O 12. Nxb5 Bg4 13. Bc2 exd4 14. Nbxd4 Nxd4 15. cxd4 Bxf3 16. gxf3 Nh5 17. Kh1 Qf6 18. Be3 c5 19. e5 Qe6 20. exd6 c4 21. b3 cxb3 22. Bxb3 Qxd6 {½-½ (74) Karjakin,S (2772)-Carlsen,M (2853) New York 2016}) 8... Nxe5 9. d4 Bxd4 10. Qxd4 d6 11. f4 Nc6 12. Qc3 {LiveBook: 15 Games} (12. Qd3 $5 {looks sharper.} O-O 13. Nc3 Re8 14. e5 dxe5 15. Qxd8 Nxd8 16. fxe5 Rxe5 17. Bf4) 12... Ne7 13. Qe1 Bb7 14. axb5 axb5 15. Nc3 $146 (15. e5) 15... O-O 16. e5 dxe5 (16... Nd7 $11 {keeps the balance.}) 17. fxe5 $16 (17. Nxb5 exf4 18. Bxf4 Bxg2 19. Bxc7 (19. Kxg2 Rxb5 20. Qe2 Rb4 $15) 19... Qd7 20. Bxb8 Bxf1 21. Qxf1 Rxb8 $15) (17. Qxe5 b4 18. Nd1 Bd5 $15) 17... Qd4+ 18. Qe3 $1 {[%cal Re3d4]} (18. Qf2 $6 Qxf2+ 19. Rxf2 Ng4 $14) 18... Qg4 {[%csl Gb7][%cal Rg4g2]} 19. Qg5 h6 20. Qxg4 Nxg4 21. e6 {[%cal Re6f7]} (21. Nxb5 $6 Bd5 22. Bxd5 (22. Nxc7 Bxb3 23. cxb3 Nxe5 $11) 22... Nxd5 $14) 21... b4 22. exf7+ Kh7 23. Na4 {[%cal Bc3a4,Ba4c5,Bc5d7][%mdl 32] Strongly threatening Bf4.} Bd5 24. Nc5 Nf6 25. Rxf6 gxf6 26. Nd7 Bxb3 27. cxb3 Kg7 28. Bxh6+ Kxh6 29. Nxb8 Rxb8 {[%mdl 4096] Endgame [#] KRN-KR} 30. Re1 $1 {[%cal Re1e7]} Ng6 {Threatens to win with ...Ne5.} 31. Re8 {[%mdl 1024] White has strong compensation.} Rb7 {Hoping for ...Kg7.} 32. Rg8 Nf8 33. Kf2 Ne6 {[#]} (33... Ra7 $16 {might work better.}) 34. Re8 $1 $18 Nf8 35. Rxf8 {Rh8+ would kill now. KR-KR} Kg7 36. Rc8 Kxf7 37. h4 Kg6 38. Ke3 Ra7 39. Kd3 ({White should try} 39. g4 $18) 39... Ra2 $16 40. Kc2 ({Of course not} 40. Rxc7 $6 Rxb2 41. g4 Rxb3+ 42. Ke4 Rb1 $11) 40... Ra7 (40... Ra1 $16) 41. g4 $18 f5 42. Rg8+ ({Don't play} 42. h5+ Kh6 $16) 42... Kh7 $2 (42... Kf7 43. Rb8 (43. Rg5 fxg4 44. Rxg4 c5 $18) 43... c5) 43. Rg5 fxg4 44. Rxg4 Rb7 $2 (44... c5 45. Rg5 Rc7) 45. Kd3 {White is clearly winning.} Kh6 46. Kc4 Kh5 47. Rf4 Rb6 48. Kc5 Rg6 49. Kxb4 Rb6+ 50. Kc3 c5 (50... Kg6 $142 51. Rc4 Rb7) 51. b4 cxb4+ 52. Rxb4 Rc6+ 53. Rc4 1-0

[Event "EIWCC 2017"]
[Site "Riga"]
[Date "2017.04.11"]
[Round "1"]
[White "Lagno, Kateryna"]
[Black "Golubenko, Valentina"]
[Result "1-0"]
[WhiteElo "2543"]
[BlackElo "2271"]
[Annotator "TA"]
[PlyCount "107"]
[EventDate "2017.??.??"]
[EventType "swiss"]
[EventCountry "LAT"]
[SourceTitle "playchess.com"]
[Source "ChessBase"]
[SourceQuality "1"]

{[%evp 22,107,38,17,20,22,30,31,39,42,64,23,55,62,42,55,55,57,61,66,115,112,115,115,115,116,109,111,108,102,139,16,16,18,18,11,6,12,12,19,50,50,81,81,81,81,81,81,89,89,339,339,644,90,789,773,724,716,673,646,533,314,1645,1259,1225,1208,29974,29977,29977,29978,29978,29979,29979,29980,29980,29981,29980,29981,29982,29983,29983,29983,29982,29984,29984,29984,29984,790]} 1. c4 e5 2. Nc3 Nf6 3. Nf3 Nc6 4. g3 d5 5. cxd5 Nxd5 6. Bg2 Be6 7. O-O Be7 8. d4 Nxc3 9. bxc3 exd4 {A29: English Opening: Four Knights Variation with 4 g3} (9... e4 10. Ne5 Nxe5 11. dxe5 Qxd1 12. Rxd1 Bf5 13. Rb1 b6 14. Be3 O-O 15. h3 Rad8 16. g4 Bg6 17. Rd4 Rxd4 18. cxd4 {1-0 (36) Neiksans,A (2631)-Pultinevicius,P (2417) Parnu 2016}) 10. Nxd4 Nxd4 11. cxd4 c6 12. e4 {LiveBook: 5 Games} Bc4 13. Re1 O-O 14. Bb2 Qb6 $146 (14... Bb4 15. Re3 Qd7 16. f4 Rfe8 17. f5 {½-½ (42) Kurtenkov,A (2365)-Panbukchian,V (2350) Bankia 1991}) 15. Qc2 Qa6 16. d5 cxd5 17. exd5 Rfe8 18. a4 Bf8 19. Be4 h6 20. Rac1 $36 {[%mdl 2048] Black is under pressure.} Rac8 21. Bh7+ Kh8 22. Rxe8 Rxe8 23. Qxc4 Qxc4 24. Rxc4 Kxh7 $16 {[%mdl 4096] Endgame KRB-KRB} 25. Rc7 Re7 26. d6 (26. Rc8 $6 Re1+ 27. Kg2 Bd6 $14) (26. Rxe7 $1 $16 Bxe7 27. Be5) 26... Re1+ $11 27. Kg2 Bxd6 28. Rxf7 Re7 29. Rf5 b6 30. Bd4 Re4 31. Rd5 Bb4 32. Rd7 Re7 33. Rxe7 Bxe7 $16 {KB-KB} 34. Kf3 Kg6 {[#]} 35. Ke4 $1 Kf7 $2 {[#]} (35... Bd8 $16 {is a better defense.}) 36. Kd5 $1 $18 {[%cal Rd5c6]} g5 $2 (36... h5 37. Kc6 Ke6 38. Bxg7 Bc5) 37. Be3 $2 (37. Kc6 $18 Ke6 38. Be3) 37... Bf8 $2 {[%mdl 8192]} (37... g4 $16 38. Bxh6 a6) 38. Kc6 Ke6 39. Kb7 Kd5 40. Kxa7 Bc5 41. Kb7 g4 $2 (41... Kd6 42. h4 Kd5 43. hxg5 hxg5) 42. Kc7 (42. Bxh6 Bxf2 43. Bf4 Kc4 $18) 42... h5 43. Kd7 Bxe3 44. fxe3 {KP-KP. White mates.} Ke4 45. Kc6 Kf3 46. e4 Kg2 47. e5 (47. Kxb6 $2 h4 48. e5 (48. gxh4 $2 Kxh2 49. a5 g3 $19) 48... Kxh2 $17) 47... Kxh2 {K3P-K3P} 48. e6 (48. Kxb6 $2 h4 49. e6 hxg3 $19) 48... h4 49. e7 hxg3 50. e8=Q g2 51. Qh5+ Kg3 52. Qe5+ Kh3 53. Qe1 ({Worse is} 53. Kxb6 g1=Q+ 54. Kb7 Qb1+ 55. Ka8 Qg6 $15) 53... Kh2 54. Qh4+ ({Inferior is} 54. Kxb6 g1=Q+ 55. Qxg1+ Kxg1 $11) 1-0

[Event "EIWCC 2017"]
[Site "Riga"]
[Date "2017.04.11"]
[Round "1"]
[White "Stefanova, Antoaneta"]
[Black "Zaksaite, Salomeja"]
[Result "1-0"]
[WhiteElo "2527"]
[BlackElo "2262"]
[Annotator "TA"]
[PlyCount "58"]
[EventDate "2017.??.??"]
[EventType "swiss"]
[EventCountry "LAT"]
[SourceTitle "playchess.com"]
[Source "ChessBase"]
[SourceQuality "1"]

{[%evp 12,58,19,27,47,45,58,50,54,54,50,0,0,0,0,-11,-16,-17,-30,-14,-18,-45,-31,-193,-47,-33,-37,-20,-20,-35,-28,-38,89,83,79,89,68,87,89,74,60,56,166,160,212,197,216,208,318]} 1. Nf3 Nf6 2. c4 g6 3. Nc3 d5 4. Qa4+ Bd7 5. Qb3 dxc4 6. Qxc4 Bg7 7. e4 c6 {A16: English Opening: 1...Nf6 with ...d5} (7... a6 8. e5 Be6 9. exf6 Bxc4 10. fxg7 Rg8 11. Bxc4 Nc6 12. O-O g5 13. Bd5 g4 14. Bxc6+ bxc6 15. Ne5 Rxg7 {½-½ (22) Bruzon Batista,L (2682)-So,W (2731) Havana 2014}) 8. d4 b5 9. Qd3 O-O {White is slightly better.} 10. Be2 c5 $146 (10... Na6 11. O-O Rc8 12. a4 Nb4 13. Qd1 Qb6 14. Qb3 a5 15. axb5 cxb5 {1-0 (47) Vegh,E (2271)-Szalanczy,E (2218) Budapest 2016}) 11. e5 Ng4 $1 12. dxc5 Nc6 13. Nxb5 Ncxe5 14. Nxe5 Nxe5 15. Qa3 Bc6 {...Rb8 is the strong threat.} 16. O-O $1 Qd5 {[%csl Gc6][%cal Rd5g2]} 17. f3 $2 {[#]} (17. Qg3 $15) 17... Bxb5 (17... Ng4 $1 $19 18. Bf4 a6) 18. Bxb5 $15 Rab8 19. Be2 Nc4 20. Bxc4 $1 ({Don't choose} 20. Qxa7 $2 Ra8 21. Qxe7 Qd4+ 22. Kh1 Rae8 $19) 20... Qxc4 21. Rb1 Rfd8 (21... Qe2 $1 $15 {stays ahead.} 22. Qe3 Qc2) 22. Be3 $36 {[%mdl 2048] White has strong initiative.} Qe2 {[%cal Rg7b2]} 23. Rfe1 Bxb2 24. Qxa7 Qc2 25. Qxe7 Re8 26. Qg5 Re5 {[#]} ({Black should try} 26... Ra8 $14) 27. Qg3 $1 $18 {White is clearly better.} Rbe8 (27... h5 $16 28. h3 Rc8) 28. Qf2 Qxf2+ 29. Bxf2 Bc3 (29... f5 {keeps fighting.} 30. a4 (30. Rxb2 Rxe1+ 31. Bxe1 Rxe1+ 32. Kf2 Rc1 33. Rb8+ Kf7 34. Rb7+ Kf6 35. Rxh7 f4 $18) 30... Rxe1+ 31. Bxe1 Ba3) 1-0

[Event "EIWCC 2017"]
[Site "Riga"]
[Date "2017.04.11"]
[Round "1"]
[White "Pogonina, Natalija"]
[Black "Sandu, Mihaela"]
[Result "1/2-1/2"]
[WhiteElo "2478"]
[BlackElo "2261"]
[Annotator "TA"]
[PlyCount "90"]
[EventDate "2017.??.??"]
[EventType "swiss"]
[EventCountry "LAT"]
[SourceTitle "playchess.com"]
[Source "ChessBase"]
[SourceQuality "1"]

{[%evp 15,90,33,35,10,14,12,19,20,18,1,21,23,23,23,21,20,71,39,73,13,72,62,59,68,67,67,119,111,187,193,187,189,177,186,264,282,281,197,559,72,364,342,327,181,183,176,179,-95,-91,-116,-15,-332,-228,-216,-9,0,0,0,0,0,109,-275,-204,-274,-277,-1103,-310,-300,-273,-370,-376,-327,0,-220,0,-260,0]} 1. d4 Nf6 2. c4 g6 3. Nf3 Bg7 4. e3 c6 5. Be2 d5 6. O-O O-O 7. Nc3 b6 8. cxd5 cxd5 {LiveBook: 18 Games} 9. Ne5 {D94: Grünfeld: 4 Nf3 Bg7 5 e3} Bb7 10. a4 $146 (10. Bd2 Nbd7 11. f4 a6 12. Qb3 e6 13. a4 Qb8 14. Rf2 Qd6 15. g4 Bc8 16. g5 Ne8 {1-0 (45) Gutov,A (2398)-Sitnikov,D (2468) Kemerovo 2014}) 10... Nc6 11. Nxc6 {The position is equal.} Bxc6 12. Qb3 Re8 13. Bd2 e5 14. dxe5 Rxe5 15. Rfd1 Qe7 (15... d4 $11 16. exd4 Qxd4) 16. Be1 Rd8 17. Bf1 (17. Nb5 $16) 17... h5 (17... Ne4 $11) 18. Ne2 $16 Ne4 19. Nd4 Bd7 20. a5 $36 {[%mdl 2048] White is pushing.} b5 (20... Qd6 $14) 21. Rac1 (21. Nxb5 Rb8 22. Bb4 (22. Rxd5 $2 Bc6 23. Rxe5 Qxe5 $19) 22... Qh4 $15) 21... Qf6 (21... a6 $16 {is a better defense.}) 22. Bxb5 $18 (22. Nxb5 Rb8 23. f3 (23. Rxd5 $2 Be6 24. Rxe5 Bxb3 25. Rxe4 Qxb2 $19) 23... Bxb5 24. Bxb5 d4 $15) 22... Rb8 23. Qd3 $1 Bxb5 24. Nxb5 a6 (24... Qa6 {was worth a try.}) 25. Nc7 Rxb2 {[%cal Re4f2]} 26. f4 (26. Qxa6 $6 Qf5 $18) 26... Qf5 $2 (26... Rf5 27. Nxd5 (27. Qxa6 Qxa6 28. Nxa6 d4 $14) (27. Nxa6 Qe7 28. Nc7 d4 $18) 27... Qe6) 27. Rc2 $2 (27. Qxa6 Re7 $18) (27. Nxd5 Qg4 28. Qf1 Re6 $16) (27. Nxa6 Re7 $16) (27. fxe5 $18 {has better winning chances.} Qg5 28. Rc2 Rxc2 29. Qxc2 Qxe3+ 30. Bf2 Nxf2 31. Qxf2 Qxe5 32. Nxd5) 27... Re7 $2 {[%mdl 8192]} (27... Rxc2 $16 {keeps fighting.} 28. Qxc2 Re7) 28. Rxb2 (28. Nxa6 Rxc2 29. Qxc2 d4 $11) 28... Bxb2 29. Nxa6 (29. Nxd5 $142 Rd7 30. Ne7+ $1 {[%mdl 512]} (30. Qxa6 Bg7 31. Qc6 Bf8 $18) 30... Rxe7 31. Qd8+ Kg7 32. Qxe7) 29... d4 30. exd4 Qxf4 31. d5 $2 (31. Nb4 $1 $18 {[%cal Rb4d5]} Nf6 32. Bg3 Qe3+ 33. Qxe3 Rxe3 34. Rd3 Rxd3 35. Nxd3 Bxd4+ 36. Bf2 Bxf2+ 37. Kxf2 (37. Nxf2 Nd5 $16)) 31... Be5 $17 {[%mdl 1024] Black has strong compensation.} 32. g3 Qg4 (32... Qf5 $17) 33. Nb4 $2 {[%mdl 8192]} (33. h3 $1 $11 {and White stays safe.} Qf5 34. Nb4) 33... Bd6 34. Nc6 Bc5+ $2 (34... Re8 $1 $19 {Hoping for ...h4.} 35. Nd4 Nc5) 35. Kg2 $1 $11 (35. Kh1 $2 Rb7 36. Ne5 Qf5 $19) 35... Re8 {Threatens to win with ...Ng5.} 36. Qf3 $1 {[%cal Rf3g4]} Qd7 {...Ng5 is the strong threat.} 37. h4 $1 Qb7 {[#]} (37... Nf6 $11 {remains equal.} 38. Qxf6 Re2+ 39. Kf1 Re8) 38. Kh1 $2 {[%mdl 8192]} (38. Nd8 $1 $16 {[%cal Rd8b7][%mdl 512]} Qb2+ (38... Rxd8 39. Qxe4) 39. Rd2 $1 {[%mdl 512]}) 38... Qb2 39. a6 {[#]} Bf2 $1 {Strongly threatening ...Nxg3+.} 40. Qg2 $2 (40. Bd2 Bxg3 41. Nd8 (41. Rf1 $2 f5 42. Qg2 Qxd2 $19)) 40... Qe2 $2 (40... Qc2 41. Rd2 Qb1 42. Rxf2 Nxf2+ 43. Qxf2 Rxe1+ 44. Kh2 Qe4 45. Qxe1 Qxe1) 41. Rb1 $19 {next Bxf2 is good for White.} Nxg3+ (41... Bxe1 $2 42. Qxe2 Nxg3+ 43. Kg2 Rxe2+ 44. Kf3 $18) 42. Kh2 Nf1+ ({Not} 42... Bxe1 43. a7 Kg7 44. Qxe2 Rxe2+ 45. Kg1 Bf2+ 46. Kh2 Bxa7+ 47. Kxg3 Bf2+ 48. Kf3 $19) 43. Kh1 Ng3+ (43... Bxe1 44. Qxe2 Rxe2 45. d6 Ng3+ 46. Kg1 Bf2+ 47. Kg2 $15) 44. Kh2 Nf1+ 45. Kh1 {[#]} Ng3+ $2 ({Weaker is} 45... Bxe1 46. Qxe2 Rxe2 47. d6 Ng3+ 48. Kg1 Bf2+ 49. Kg2 $11) (45... Qd3 $1 $19 {[%cal Rd3b1]} 46. Rb8 (46. Ne7+ Rxe7 47. Rb8+ Kh7 48. Qxf2 Qh3+ 49. Kg1 Nh2 $19) 46... Rxb8 47. Qxf2 Re8) 1/2-1/2

[Event "EIWCC 2017"]
[Site "Riga"]
[Date "2017.04.11"]
[Round "1"]
[White "Socko, Monika"]
[Black "Kazarian, Anna-Maja"]
[Result "1-0"]
[WhiteElo "2462"]
[BlackElo "2257"]
[Annotator "TA"]
[PlyCount "111"]
[EventDate "2017.??.??"]
[EventType "swiss"]
[EventCountry "LAT"]
[SourceTitle "playchess.com"]
[Source "ChessBase"]
[SourceQuality "1"]

{[%evp 16,111,34,27,49,35,68,19,22,13,54,29,34,31,28,48,41,22,30,29,65,66,64,81,60,46,110,118,123,75,60,51,92,94,93,79,117,131,190,179,190,120,98,62,140,138,130,130,115,122,141,147,158,133,162,168,286,286,287,283,261,265,837,837,804,804,804,787,912,888,896,762,831,826,805,766,991,988,977,933,901,787,775,688,5118,5118,1547,786,696,660,619,619,29993,29993,29993,29994,29994,29993]} 1. e4 e6 2. d4 d5 3. Nd2 c5 4. Ngf3 Nc6 5. exd5 Qxd5 6. Bc4 Qd8 7. dxc5 Bxc5 8. O-O Nf6 9. Qe2 {LiveBook: 12 Games} a6 {C07: French Tarrasch: 3...c5, 4 Ngf3 and 4 exd5 Qxd5} (9... Qc7 10. Ne4 Be7 11. Rd1 a6 12. Bd3 Nb4 13. Bg5 Bd7 14. Bh4 Nxd3 15. cxd3 Bc6 16. Bg3 Qb6 17. Ne5 Bxe4 18. dxe4 {1-0 (54) Guseinov,G (2610)-Mammadov,Z (2487) Baku 2015}) 10. Rd1 $146 (10. Nb3 Be7 11. c3 Qc7 12. Nbd4 Nxd4 13. Nxd4 O-O 14. Bb3 e5 15. Nc2 e4 16. h3 h6 17. Be3 Bd6 18. Bd4 {½-½ (18) Midoux,S (2314)-Sermier,G (2402) France 2010}) 10... Bd6 (10... Nd4 $2 11. Nxd4 Qxd4 12. Nb3 Qxf2+ 13. Qxf2 $18) 11. Nf1 {Threatens to win with Bf4!} Qc7 {The position is equal.} 12. Bg5 Ng4 13. h3 (13. Rd2 $5 {with more complications.} Be7 14. Rad1 Nf6 15. c3 b5 16. Bd3) 13... Nge5 14. Nxe5 Bxe5 15. c3 $36 {[%mdl 2048] White is more active.} O-O 16. Bd3 f5 17. Nd2 h6 18. Be3 Qe7 19. f4 Bc7 20. Qf2 Qf6 ({Black should play} 20... Qf7 $14) 21. Nc4 $16 e5 22. Nb6 Bxb6 23. Bxb6 exf4 24. Bc4+ Kh7 25. Qxf4 Qe5 26. Qf2 f4 ({Wrong is} 26... Be6 $2 27. Re1 Qxe1+ 28. Qxe1 (28. Rxe1 Bxc4 29. a3 Bd5 $16)) (26... Qf6 $16 27. Bc5 Rd8) 27. Rd5 $18 Qf6 28. Rad1 (28. Re1 $18) 28... f3 $16 29. g4 Be6 ({Black should try} 29... Qf4 $14 30. Rc5 Kh8) 30. Rd6 Bxc4 31. Rxf6 Rxf6 32. b3 Be2 {[#]} 33. Rd5 $1 ({Reject} 33. Rd7 $6 Ne5 34. Re7 Nd3 $11) 33... Re8 {[#]} 34. Qg3 $1 Ne7 35. Rd6 {And now Rxf6 would win.} Nd5 (35... Rff8 {is a better defense.}) 36. Bf2 $18 ({Don't play} 36. Rxd5 $6 Rxb6 37. Kf2 Bb5 $18) 36... Rxd6 37. Qxd6 Nxc3 38. Qd7 Re4 $2 (38... Bb5 39. Qxb7 Rf8) 39. Bd4 Rxd4 40. Qxd4 Nd1 41. Kh2 b5 42. b4 Kh8 43. Qd8+ Kh7 44. Qd2 Nf2 45. Qe3 Nd3 46. h4 {[%cal Bh3h4,Bh4g5,Bg5g6,Bg6g7][%mdl 32]} Nxb4 47. Qe4+ Kg8 48. g5 hxg5 49. hxg5 a5 50. g6 {[%cal Re4e8]} Kf8 51. Qf5+ Ke7 52. Qf7+ Kd6 53. Qxg7 Nd3 54. Qf6+ {White mates.} Kc5 55. g7 f2 56. Qe7+ 1-0

[Event "EIWCC 2017"]
[Site "Riga"]
[Date "2017.04.11"]
[Round "1"]
[White "Javakhishvili, Lela"]
[Black "Ivanenko, Olga I"]
[Result "1-0"]
[WhiteElo "2456"]
[BlackElo "2252"]
[Annotator "TA"]
[PlyCount "87"]
[EventDate "2017.??.??"]
[EventType "swiss"]
[EventCountry "LAT"]
[SourceTitle "playchess.com"]
[Source "ChessBase"]
[SourceQuality "1"]

{[%evp 16,87,95,85,106,109,118,111,110,96,116,66,141,141,141,141,140,141,177,166,164,162,155,141,176,160,201,209,202,192,205,191,203,170,167,163,162,156,176,144,178,150,156,152,175,142,176,177,272,261,218,226,276,285,365,394,884,872,841,838,787,652,650,597,29987,29988,29988,29989,29989,29990,29990,29991,29997,29998]} 1. d4 Nf6 2. c4 c5 3. d5 e5 4. Nc3 d6 5. e4 Be7 6. g3 Nbd7 7. Bg2 h5 {A56: Czech Benoni} 8. h4 Nf8 9. Nh3 {LiveBook: 3 Games} (9. Nf3 Ng6 10. a3 Bg4 11. Qa4+ Bd7 12. Qc2 Rc8 13. Qd3 b6 14. O-O O-O 15. Bd2 {0-1 (41) Potapov,P (2493)-Riazantsev,A (2651) Sochi 2016}) 9... Ng4 {White is better.} 10. f3 Nh6 11. Be3 f6 $146 (11... Bd7 12. Qd2 a6 13. Bf1 Qc8 14. Nf2 Ng6 15. Bh3 {0-1 (45) Hudecek,J (2275)-Olsar,J Czechia 1995}) 12. Qd2 Nf7 13. f4 Nh6 (13... exf4 $14 14. gxf4 (14. Nxf4 Bg4 $11) 14... Bg4) 14. f5 $16 Ng4 15. Nf2 Nxe3 16. Qxe3 Kf7 17. Qe2 Kg8 18. Bf3 a6 19. g4 hxg4 20. Nxg4 ({Weaker is} 20. Bxg4 Qa5 $11) 20... Nh7 21. Rg1 Kf7 22. O-O-O Bf8 23. Rg3 Ke8 24. Nf2 Kd7 25. Nd3 Kc7 26. b4 b6 27. bxc5 bxc5 28. Qb2 Rb8 29. Qa3 {Hoping for Qa5+.} Kb7 30. Rd2 Ka8 31. Rgg2 Rg8 (31... g6 $142) 32. Bd1 $18 {[%cal Bf3d1,Bd1a4,Ba4c6][%mdl 32]} g6 33. Rxg6 Rxg6 34. fxg6 Bh6 {intending ...Nf8.} 35. gxh7 Qh8 $2 (35... f5 36. exf5 Bxd2+ 37. Kxd2 Qxh4) 36. Ba4 Qxh7 37. Bc6+ Ka7 38. Nb5+ Rxb5 39. cxb5 {[%cal Bc4b5,Bb5b6][%mdl 32]} Qxe4 {[#]} 40. Qa5 $1 {[%mdl 512] White mates.} Bxd2+ 41. Kxd2 Qg2+ 42. Kc3 Qg7 43. Qd8 e4 44. b6+ 1-0

[Event "EIWCC 2017"]
[Site "Riga"]
[Date "2017.04.11"]
[Round "1"]
[White "Cramling, Pia"]
[Black "Komiagina, Maria"]
[Result "1/2-1/2"]
[WhiteElo "2452"]
[BlackElo "2247"]
[Annotator "TA"]
[PlyCount "90"]
[EventDate "2017.??.??"]
[EventType "swiss"]
[EventCountry "LAT"]
[SourceTitle "playchess.com"]
[Source "ChessBase"]
[SourceQuality "1"]

{[%evp 8,90,23,0,5,-18,-16,-16,0,-1,0,0,0,-25,0,-53,-59,-55,-51,-56,-70,-80,-77,-86,-79,-78,-82,-87,-84,-73,-70,-86,-87,-75,-84,-76,-72,-105,-85,-88,-79,-89,-22,-20,-25,-27,-21,-33,-17,-75,-82,-98,-98,-102,-106,-96,-101,-101,-101,-101,-105,-104,-104,-149,-100,-116,-97,-90,-83,-102,-76,-108,-96,-118,-73,-73,0,-114,-108,-119,0,-127,0,-119,0]} 1. Nf3 d5 2. d4 Nf6 3. c4 e6 4. Nc3 c6 5. Qd3 Be7 {D43: Semi-Slav: 5 Bg5 h6} (5... dxc4 6. Qxc4 b5 7. Qd3 a6 8. Bg5 c5 9. Bxf6 gxf6 10. d5 Bb7 11. dxe6 Qxd3 12. exf7+ Kxf7 13. exd3 Rg8 14. a4 Nc6 15. axb5 Nd4 16. Nxd4 cxd4 {½-½ (47) Aronian,L (2792)-Giri,A (2782) Leuven 2016}) 6. g3 b6 7. Bg2 O-O {The position is equal.} 8. O-O a5 9. b3 Ba6 10. Rd1 Nbd7 $146 (10... Ra7 11. e4 dxc4 12. bxc4 b5 13. d5 exd5 14. exd5 b4 15. Na4 cxd5 16. Be3 Rd7 17. Bh3 Rd6 18. c5 Rc6 {½-½ (18) Adrian,C (2260)-Hadege France 1995}) 11. e4 ({White should try} 11. Bf4 $11) 11... b5 $1 $15 12. Qc2 (12. cxb5 cxb5 13. Qe3 b4 $17) 12... bxc4 13. bxc4 Bxc4 14. Bf4 Rc8 15. Rab1 dxe4 16. Nxe4 Bd5 17. Nd6 Bxd6 18. Bxd6 Be4 19. Qd2 Bxb1 20. Bxf8 Be4 21. Ba3 h6 22. h3 Bd5 23. Rc1 Ne4 24. Qe3 Ng5 (24... Qb6 $17) 25. Nxg5 $11 Qxg5 26. Qxg5 hxg5 27. Bxd5 exd5 {[%mdl 4096] Endgame KRB-KRN} 28. Bd6 (28. Rb1 $11 {remains equal.}) 28... Nb6 $17 29. Rb1 Nc4 30. Be7 Nd2 31. Rd1 Ne4 32. Rc1 f6 33. Rc2 Kf7 34. Ba3 Ke6 35. Rb2 Kd7 36. Kg2 Nc3 37. Bc5 Nb5 38. Kf3 a4 39. Rb4 Ra8 40. Ke3 Kc7 41. Kd3 Kd7 (41... Kd8 $17) 42. Rb1 (42. Ke3 $1 $11) 42... Re8 43. Rb4 Ra8 44. Rb1 Re8 45. Rb4 $1 {[#]} Ra8 (45... a3 $1 $17 {...Re1 is the strong threat.} 46. Ra4 f5 47. Bxa3 f4) 1/2-1/2

[Event "EIWCC 2017"]
[Site "Riga"]
[Date "2017.04.11"]
[Round "1"]
[White "Zawadzka, Jolanta"]
[Black "Mammadova, Narmin"]
[Result "1-0"]
[WhiteElo "2449"]
[BlackElo "2240"]
[Annotator "TA"]
[PlyCount "109"]
[EventDate "2017.??.??"]
[EventType "swiss"]
[EventCountry "LAT"]
[SourceTitle "playchess.com"]
[Source "ChessBase"]
[SourceQuality "1"]

{[%evp 30,109,49,15,16,27,31,23,21,28,18,25,29,17,20,20,24,22,38,37,34,5,18,16,18,25,22,22,21,18,57,54,106,86,89,89,99,94,97,69,141,138,137,120,134,126,128,89,129,112,110,74,96,96,293,280,282,281,327,138,231,210,351,335,489,0,0,0,0,0,0,0,0,0,0,0,401,397,1821,1685,5938,5968]} 1. e4 e6 2. d4 d5 3. Nc3 Nf6 4. e5 Nfd7 5. f4 c5 6. Nf3 Nc6 7. Be3 Qb6 8. Na4 Qa5+ 9. c3 b6 {[%cal Bb7b6,Bb6b5,Bb5b4,Bb4b3][%mdl 32]} 10. Bd2 c4 11. b4 Nxb4 {C11: French: Classical System: 4 e5 and 4 Bg5 dxe4} 12. cxb4 Bxb4 13. Qc2 Bxd2+ 14. Nxd2 b5 15. Nc3 b4 16. Nce4 {LiveBook: 4 Games} (16. Nd1 f6 17. Nf3 fxe5 18. fxe5 Bb7 19. a3 {1-0 (34) Kokarev,D (2634)-Savchenko,B (2613) Khanty-Mansiysk 2016}) 16... dxe4 17. Nxc4 b3+ $1 18. Qd2 Qxd2+ 19. Kxd2 {[#]} b2 $146 {[%mdl 512]} 20. Rb1 (20. Nxb2 Ke7) 20... Rb8 21. Rxb2 Rxb2+ 22. Nxb2 Ke7 23. Bb5 Nb6 24. Rc1 Nd5 25. Na4 e3+ 26. Ke1 Bd7 27. Bxd7 Kxd7 $11 {[%mdl 4096] Endgame KRN-KRN} 28. Nc5+ Ke7 29. Rb1 Rc8 30. g3 Rc7 (30... Nc3 $14 31. Rb7+ Ke8) 31. Rb3 g6 32. Ke2 Kf8 33. Kd3 Kg7 34. a4 a5 (34... g5 $14) 35. Rb8 Ra7 36. Ke2 h5 37. Kf3 Kh6 38. Rb2 Kg7 39. h3 Kh6 40. g4 hxg4+ 41. hxg4 g5 $2 (41... Kg7 $16) 42. f5 $18 exf5 43. gxf5 Ra8 44. Rh2+ Kg7 45. Ne4 Rb8 (45... f6 $142 46. Rb2 fxe5) 46. Nxg5 {Strongly threatening Rh7+.} Rb1 (46... e2 {was necessary.} 47. Rh7+ (47. Rxe2 Rb3+ 48. Kg4 Ra3 $18) 47... Kg8 48. Kxe2 Rb2+ 49. Kf3 Rb3+ 50. Kf2 Rb2+ 51. Kg3 Rb3+ 52. Kh4 Rb1) 47. f6+ $2 ({White has to play} 47. Rh7+ $18 Kg8 48. f6 (48. Rxf7 Rf1+ 49. Ke2 Rf2+ 50. Kd3 Rd2+ 51. Kc4 Nb6+ 52. Kb5 Rg2 $16) 48... Rf1+ 49. Ke2 Rf2+ 50. Kd3) 47... Kg6 $11 48. Ne4 {Hoping for Rg2+.} Rf1+ 49. Ke2 Ra1 {Threatens to win with ...Ra2+.} 50. Kf3 {aiming for Rg2+.} Rf1+ 51. Ke2 Ra1 52. Rh4 Rxa4 $2 {[%mdl 8192] [#]} (52... Kf5 $11 {and Black stays safe.} 53. Ng3+ Kg5) 53. Rg4+ $1 $18 Kf5 $2 (53... Kh7 54. Nd6 (54. Rg7+ Kh6 $16) 54... Kh6 55. Nxf7+ Kh5 56. Rg5+ Kh4) 54. Kf3 {White threatens Rg5+ and mate.} Nxf6 55. Rf4+ ({Less strong is} 55. exf6 Rxd4 56. Rg5+ (56. Kxe3 Kxg4 57. Kxd4 Kf5 $11) 56... Ke6 $18) 1-0